=LDR 00000nam 2200000 4500 =001 INLIS000000000041801 =005 20130612151318 =008 ***********************************Ind** =035 ##$$0010-061300000041801 =041 ##$$a Ind =082 ##$$a 780.7 =090 ##$$a 780.7, Car c.III.6 =100 ##$$a Sunarto, H. Eddy, Ir =245 ##$$a C A D A R ( Cara Aktif Dalam Belajar ), Ir. H. Eddy Sunarto =260 ##$$a 1994 $b Surabaya =300 ##$$a 38 hlm, ilus, 26.5 =850 ##$$a NBPNMAT